| 000 | 00441nam a2200169 a 4500 | ||
|---|---|---|---|
| 005 | 20140310183227.0 | ||
| 008 | 040305s19uu xx 00 eng d | ||
| 020 | _a0345309898 | ||
| 050 |
_aPS 3563 _b.M466Man 1983 |
||
| 100 | _aMay, Julian | ||
| 245 |
_aThe many-colored land / _cJulian May. |
||
| 260 |
_aNew York : _bBallantine Books, _c1981. |
||
| 300 |
_a429 p. : _c18 cm. |
||
| 650 | _aFiction | ||
| 942 |
_cBK _2lcc |
||
| 999 |
_c20436 _d20436 |
||